MARC

LEADER 00000nas a2200000 a 4500
001 ssj0012154
003 WaSeSS
005 20200512172242.0
006 m d
007 cr n
008 750901c19689999wiumr p s 0 a0eng c
010 |a  88647624   |z sf 78000581  
016 7 |a 9708389  |2 DNLM 
016 7 |a SR0075350  |2 DNLM 
016 7 |a 008550883  |2 Uk 
022 |l 0033-524X  |y 0033-524X 
030 |a QUPRB3 
032 |a 451480  |b USPS 
035 |a (WaSeSS)ssj0012154 
040 |a MUL  |b eng  |c MUL  |d OCL  |d NSD  |d DLC  |d NSD  |d DLC  |d NSD  |d AIP  |d NSD  |d AIP  |d NSD  |d DLC  |d NST  |d NSD  |d MYG  |d WAU  |d IUL  |d NLM  |d OCLCQ  |d NLM  |d OCL  |d NLGGC  |d OSU  |d UQ1  |d WAU  |d OCLCQ  |d UKMGB  |d OCLCQ  |d OCLCF  |d BEDGE  |d OCLCQ  |d OCLCO  |d RDF  |d OCLCO  |d OCLCQ  |d QE2  |d OCLCO  |d OCLCQ  |d OCLCA  |d CUS  |d GILDS  |d CAI  |d OCLCO  |d OCLCQ  |d OCLCO  |d OCLCA  |d OCLCQ  |d WaSeSS 
042 |a nsdp  |a pcc 
050 0 0 |a TS156.A1  |b Q35 
060 0 0 |a W1  |b QU158LM 
210 0 |a Qual. prog. 
222 0 |a Quality progress 
245 0 0 |a Quality progress  |h [electronic resource]. 
246 3 |a ASQC quality progress 
246 1 |i Issues for <Jan. 2008-> have additional title:  |a QP 
260 |a Milwaukee, Wis. :  |b American Society for Quality Control,  |c ©1967- 
310 |a Monthly 
362 0 |a Vol. 1, no. 1 (Jan. 1968)- 
500 |a "Monthly news magazine of the American Society for Quality Control." 
500 |a Title from cover. 
500 |a At head of title: ASQC, <Mar. 1996-> 
506 |a License restrictions may limit access. 
515 |a Vol. 1, no. 1 preceded by an issue numbered v. 1, no. 1 and called Prospectus 1968. 
550 |a Volumes for <Aug. 2004-> issued by: American Society for Quality. 
555 |a Vols. 1-2, 1968-69, in v. 2. 
588 |a Latest issue consulted: Vol. 41, no. 1 (Jan. 2008). 
650 0 |a Quality control  |v Periodicals. 
650 0 2 |a Quality Control. 
650 6 |a Qualité  |x Contrôle. 
650 7 |a Mensuels.  |2 eclas 
650 7 |a Contrôle de qualité.  |2 eclas 
650 7 |a Quality control.  |2 fast  |0 (OCoLC)fst01084966 
650 1 7 |a Kwaliteitscontrole.  |2 gtt 
650 7 |a Contrôle de qualité  |2 rasuqam 
655 0 |a Electronic journals. 
710 2 |a American Society for Quality Control. 
710 2 |a American Society for Quality. 
780 0 1 |t Industrial quality control  |w (DLC) 49020610  |w (OCoLC)1753098 
850 |a CaAEU  |a CaOOEDC  |a CaOOM  |a CtY-SSE  |a DGW  |a DLC  |a DNLM  |a IaAS  |a In  |a InU  |a MCM  |a NN  |a NcRS  |a PPiC  |a ViBlbV  |a WaU 
853 2 0 |8 1  |a v.  |b no.  |u 12  |v r  |i (year)  |j (month)  |w m  |x 01 
856 4 0 |z Full text available from Research Library: 07/01/1994 to present  |u https://search.proquest.com/publication/34671 
863 4 1 |8 1.1  |a <39>  |b <10>  |i <2006>  |j <10>